| 000 | 00650nam a2200193Ii 4500 | ||
|---|---|---|---|
| 003 | JO-AjNU | ||
| 008 | 230605s9999||||xx |||||||||||||| ||und|| | ||
| 040 |
_aJO-AjNU _bara _erda _cJO-AjNU |
||
| 041 | _aara | ||
| 050 | 1 | 4 | _aHS3269 1995 |
| 100 | 3 |
_aتعريب: محمد خير ياسين, _eauthor _916249 |
|
| 245 | 0 | 0 | _aالزهرات: مجاز في حركة الاشبال والكشافة |
| 264 | 3 | 1 | _aبيروت: مكتبة المعارف، 1995 |
| 300 | _a134ص | ||
| 336 |
_atext _btxt _2rdacontent |
||
| 337 |
_aunmediated _bn _2rdamedia |
||
| 338 |
_avolume _bnc _2rdacarrier |
||
| 650 | 4 |
_aالحركة الكشفية - الكشافة _916250 |
|
| 999 |
_aA4773 _c8341 _d8341 |
||